| Tag |
First Indicator |
Second Indicator |
Subfields |
| LEADER |
00000cam a22000003i 4500 |
| 001 |
in00002511684 |
| 005 |
20190327173849.0 |
| 006 |
m | d | |
| 007 |
cr |n|---||||a |
| 008 |
061024s2002 vau |s ||||||| ||eng|d |
| 035 |
|
|
|a (VaAlASP)ASPS00002575/nwld
|
| 040 |
|
|
|a VaAlASP
|d UtOrBLW
|
| 100 |
1 |
|
|a Eiler, W. B.,
|c Mrs.
|
| 245 |
1 |
0 |
|a Diary and journal of Mrs. W. B. Eiler.
|
| 250 |
|
|
|a [1st electronic ed.].
|
| 264 |
|
1 |
|a Alexandria, VA :
|b Alexander Street Press,
|c 2002.
|
| 336 |
|
|
|a text
|b txt
|2 rdacontent
|
| 337 |
|
|
|a computer
|b c
|2 rdamedia
|
| 338 |
|
|
|a online resource
|b cr
|2 rdacarrier
|
| 490 |
1 |
|
|a North American women's letters and diaries
|
| 500 |
|
|
|a Title from HTML title page (viewed November 25, 2006).
|
| 506 |
|
|
|a Access restricted to subscribers.
|
| 538 |
|
|
|a Mode of access: World Wide Web.
|
| 500 |
|
|
|a Electronic resource.
|
| 600 |
0 |
0 |
|a Eiler, W. B.,
|c Mrs.
|v Diaries.
|
| 655 |
|
0 |
|a Electronic books.
|
| 830 |
|
0 |
|a North American women's letters and diaries.
|
| 856 |
4 |
0 |
|u http://proxy.library.tamu.edu/login?url=http://www.aspresolver.com/aspresolver.asp?NWLD;S2575
|z Connect to the full text of this electronic book
|t 0
|
| 999 |
|
|
|a MARS
|
| 999 |
f |
f |
|s 4c80ef93-492c-3ac3-a3b6-30e149bc4084
|i 313660bb-179b-3f6b-8c6e-22f7aa539b51
|t 0
|
| 952 |
f |
f |
|a Texas A&M University
|b College Station
|c Electronic Resources
|d Available Online
|t 0
|h No information provided
|
| 998 |
f |
f |
|t 0
|l Available Online
|